01254 2200193 4500001002100000005001500021035002000036245004400056100001000100250003100110300003200141260003500173082001000208084001600218020002200234650001400256520075100270500003901021INLIS00000000000064820240827095639 a0010-08240001661 aJari-Jari Tangan yang Terampil /cWan's0 aWan's acetakan ke-1, edisi revisi aiv, 60 hlm :bIlus ;c21 cm aJakarta :bGaneca Exact,c2006 a745.5 a745.5 WAN j a978-979-744-391-4 4aKerajinan aKeterampilan membuat macam-macam kerajinan dan prakarya perlu dikenalkan kepada siswa sejak dini. Hal ini dimaksudkan agar siswa memiliki kemandirian dan membangkitkan kreativitasnya. Oleh karena itu, buku jari-jari tangan yang terampil ini akan sangat membantu siswa dalam menambah kecakapan hidupnya. Buku ini terdiri dari atas lima keterampilan, yaitu (1) cara membuat kalung dari bahan plastik (sedotan lemon), (2) cara membuat kalung dari bahan petai cina, (3) cara membuat kalung dari manik-manik, (4) cara membuat ikan-ikanan dari bahan tempurung kelapa, dan (5) cara membuat hiasan dinding dari bahan janur atau daun kelapa. Selain itu, buku ini di susun dengan kalimat yang sederhana sehingga mudah dipahami dan dipraktikkan oleh siswa. aSeri Keterampilan Kerajinan Tangan